000 00503 a2200157 4500
005 20250505163705.0
020 _a007-288398-7
082 _a658.15 HIG
100 _aHIGGINS, R. C.
245 _aAnalysis for Financial Management.
250 _a7th Ed.
260 _aNew York ,
_bMacgraw-Hill Irwin,
_c2004.
300 _axix, 412p.: Ill.;figures & table
_bIndex
_c22cm.
856 _yAccess Online Book
_fAnalysis for Financial Management
_dwww.mhhe.com/edumarketinsight
942 _2ddc
_cBKS
999 _c1963
_d1963